00530nam a2200205 a 4500001001300000003000900013005001700022008004100039020000800080082001800088100002700106245003400133260003500167300000900202500003500211505001000246650001800256650002300274700002700297nice12345678IN_TiNIC20260116011342.0050524s0000 luca grp 000 0 urd  ac600a891.4394bIKR aIkram, Shaikh Mohammad aGhalib Namah Ya Asar-E-Ghalib aLucknowbIhsan Pook Depoc0000 a384p aincludes index and biblioraphy2 aIndex aGhalib-Poetry aUrdu-Poetry-ghalib1 aIkram, Shaikh Mohammad